000
00306nam a22001337a 4500
008
170802b xxu||||| |||| 00| 0 eng d
020
_a
9781405104456
041
_a
eng
080
_a
004
100
_a
32
101
_a
SHK
245
_a
COMPUTER- BASED CASE SIMULATION REVIEW
_c
WAHL,C.E
942
_2
udc
_c
BK
999
_c
22505
_d
22505